000 00341nam a2200145Ia 4500
008 191201s2009 xx 000 0 und d
082 _a658.3
_bAQH
100 _aAQUINES, P.G.
245 0 _aHuman Resource Management
250 _aRep
260 _aN. Delhi
_bVikas Publication House
_c2009
300 _a326
650 _aBBA
942 _2ddc
_cBK
999 _c57
_d57